| 000 | 00947nam0a22002411 4500 | ||
|---|---|---|---|
| 001 | rc\547775 | ||
| 005 | 20030616170022.2 | ||
| 035 | _a(NLR Aleph) 005784035 | ||
| 090 |
_a5136359 _c5136359 |
||
| 100 | _a20030616d1988 u |0rusy50 ca | ||
| 101 | 0 | _arus | |
| 102 | _aRU | ||
| 105 | _aa ||||||||| | ||
| 200 | 1 |
_aДиагностическая электронная аппаратура _eУчеб. пособие по курсу "Мед. электрон. приборы и аппараты" _fПод ред. В.Г. Веденкова, Гос. ком. СССР по нар. образованию, МВТУ им. Н.Э. Баумана |
|
| 210 |
_aМ. _cМВТУ _d1988 (обл. 1989) |
||
| 215 |
_a44 с. _cил. _d20 |
||
| 320 | _aБиблиогр.: с. 43 | ||
| 700 | 1 |
_aЦыбров _bГ. Е. _gГерман Евгеньевич |
|
| 801 | 0 |
_aRU _bNLR _gpsbo |
|
| 801 | 1 |
_aRU _bELAR _2rusmarc |
|
| 852 |
_aNLR _j89-4/12498 |
||
| 942 | _cBOOK | ||
| 980 | _aNB | ||